• 首页
  • 本馆介绍
  • 公告通知
  • 最新文献
  • 馆藏检索
  • 电子资源
  • 读者导购
  • 参考咨询
  • 我的图书馆
  • 登录
  • 详细信息显示
  • 放入我的书架
  • 预约/预借图书
  • 作者相关作品
  • 分类相关作品
  • 丛书相关作品
  • 出版社相关作品

书目信息

  • 表格格式
  • 工作单格式
  • 卡片格式
题名:
德语语音
    
 
作者: 穆兰 , 庄慧丽 编
分册:  
出版信息: 北京   外语教学与研究出版社  2000
页数: 182页
开本: 18cm
丛书名:
单 册:
中图分类: H331
科图分类:
主题词: 德语--语音--教材 , 德语 , 语音
电子资源:
ISBN: 978-7-5600-1776-1
000 00835nam0 2200277 45
001 (011001)c2001042423
005 20070805094101.54
010    @a978-7-5600-1776-1@dCNY7.90
100    @a20070511e20072000em y0chiy0110 ea
101 0  @achi@ager
102    @aCN@b110000
105    @ay z 000yy
106    @ar
200 1  @a德语语音@Ade yu yu yin@f穆兰,庄慧丽编@Fmu lan, zhuang hui li bian
210    @a北京@c外语教学与研究出版社@d2000@h2007重印
215    @a182页@d18cm
330    @a本书分语音和基础教程两个阶段,语音教程六课,基础教程十五课,包括音素和语调两方面的内容。
510 1  @aDeutsch Phonetik@zger
606 0  @a德语@x语音@j教材
606 0  @a德语
606 0  @a语音
690    @aH331@v4
701  0 @a穆兰@Amu lan@4编
701  0 @a庄慧丽@Azhuang hui li@4编
801  0 @aCN@bNLC@c20070805
905    @dH331@e146@f3
    
    德语语音/穆兰,庄慧丽编.-北京:外语教学与研究出版社,2000(2007重印)
    182页;18cm
    
    
    ISBN 978-7-5600-1776-1:CNY7.90
    本书分语音和基础教程两个阶段,语音教程六课,基础教程十五课,包括音素和语调两方面的内容。
●
相关链接 在E读中查询图书 在五车中查询图书 在当当中查询图书 在豆瓣中查询图书


正题名:德语语音     索取号:H331/146         预约/预借

序号 登录号 条形码 馆藏地/架位号 状态 备注
1 0852312   208523123   第二样本阅览室/ [索取号:H331/146] 在馆    
2 0852313   208523132   第四借阅区/ [索取号:H331/146] 在馆    
3 0852314   208523141   第四借阅区/ [索取号:H331/146] 在馆    
唐山师范学院图书馆 欢迎您!
大连网信软件有限公司© 版权所有